List of cities in England - Statistics

General Stats
  • This quiz has been taken 10,535 times
  • The average score is 23 of 50
Answer Stats
Answer % Correct
City of London
98%
Manchester
94%
Liverpool
90%
Birmingham
86%
Newcastle upon Tyne
82%
Leeds
77%
Bristol
75%
York
68%
Oxford
67%
Cambridge
65%
Southampton
63%
Nottingham
62%
Brighton & Hove
61%
Norwich
61%
Sheffield
61%
Leicester
60%
Portsmouth
59%
Plymouth
58%
Kingston upon Hull
50%
Bath
49%
Exeter
49%
Derby
48%
Sunderland
46%
Bradford
44%
Chester
43%
Coventry
43%
Lincoln
43%
Durham
40%
Stoke on Trent
40%
Wolverhampton
37%
Carlisle
35%
Gloucester
35%
Canterbury
33%
Lancaster
30%
Worcester
30%
Preston
27%
Truro
27%
Winchester
25%
Hereford
23%
Ely
22%
Peterborough
22%
Salisbury
20%
Westminster
19%
Chichester
17%
Salford
17%
Wakefield
16%
Wells
16%
St Albans
14%
Lichfield
12%
Ripon
12%
No matching quizzes found
Score Distribution
Percent of People with Each Score
Percentile by Number Answered
Your Score History
You have not taken this quiz